Manual sobre los aspectos legales de la regulacin̤ de los servicios pb︢licos econm̤icos

Bibliographic Details
Main Author: Leyva, Ricardo
Format: eBook
Language:Spanish
Published: Lima: Palestra Editores, 2021
Subjects:
Online Access:Acceso restringido

MARC

LEADER 00000nam a22000007a 4500
005 2022082209519.0
007 cr|||| ||||
008 220822s2021 pe |||||s|||| 00||0 spa d
020 |a 9786123251727 
035 |a 36927 
040 |a vLex 
090 |c 13782  |d 13782 
100 1 |a Leyva, Ricardo 
245 1 0 |a Manual sobre los aspectos legales de la regulacin̤ de los servicios pb︢licos econm̤icos  |h [Recurso electrn̤ico] /  |c Ricardo Leyva 
256 |a Servicio en ln̕ea 
260 |a Lima:  |b Palestra Editores,  |c 2021 
300 |a 1 recurso electrn̤ico 
500 |a Este manual ofrece una gua̕ metodolg̤ica para iniciar el estudio de la regulacin̤ de los servicios pb︢licos en el Per,︢ partiendo, como no podra̕ ser de otra manera, de los conceptos vinculados a la constitucin̤ econm̤ica (derechos de propiedad, libertad de contratacin̤, iniciativa privada y libertad de empresa) y conceptos de microeconoma̕; proporcionando, de esta manera, una visin̤ panorm̀ica sobre la definicin̤ de los servicios pb︢licos econm̤icos. El Manual desarrolla, desde un punto de vista descriptivo, la funcin̤ reguladora del Estado y las funciones que cumplen las entidades reguladoras de los servicios pb︢licos en el Per ︢(OSINERGMIN, OSIPTEL, OSITRAN Y SUNASS). El Manual tambiň desarrolla instituciones jurd̕icas fundamentales para la inversin̤ privada en los servicios pb︢licos, como es el caso de las Asociaciones Pb︢lico-Privadas, el control de concentraciones empresariales, la actividad empresarial del Estado y el otorgamiento de tt̕ulos habilitantes para la prestacin̤ de servicios pb︢licos. Finalmente, el Manual brinda una visin̤ panorm̀ica sobre la judicializacin̤ de las decisiones de los organismos supervisores de la inversin̤ de servicios pb︢licos, donde se explica de manera detallada los alcances del control judicial que se realiza sobre tales decisiones, la va̕ procesal aplicable y las pretensiones discutibles. En suma, esperamos que este Manual sea una herramienta provechosa para el pb︢lico lector, puesto que aborda, desde un punto de vista estrictamente jurd̕ico, temas que son generalmente desarrollados desde una perspectiva econm̤ica o tčnica. 
506 1 |a Disponible solo en los productos indicados  |d vLex Global  |d vLex Global (Academic Edition, excluding Law Schools)  |d vLex Global (U.S. Academic Edition, Law Schools)  |d vLex Global (U.S. Academic Edition, excluding Law Schools)  |d vLex Global (Academic Edition, Law Schools) 
650 0 4 |a Servicios Pb︢licos  |z Per︢ 
740 0 |a vLex Libros (Servicio en ln̕ea) 
856 4 0 |u https://app.vlex.com/#/sources/36927  |z Acceso restringido 
942 |c BOOK 
999 0 |a Public services